Name the Country by Capital(Not Easy) - Statistics

General Stats
  • This quiz has been taken 46 times
  • The average score is 13 of 15
Answer Stats
Hint Answer % Correct
San Salvador El Salvador
100%
Santo Domingo Dominican Republic
98%
Jakarta Indonesia
95%
Tallinn Estonia
93%
Ulaanbaatar Mongolia
93%
Asuncion Paraguay
90%
Riga Latvia
88%
Kuala Lumpur Malaysia
85%
N’Djamena Chad
83%
Tegucigalpa Honduras
83%
Juba South Sudan
83%
Ouagadougou Burkina Faso
80%
Paramaribo Suriname
80%
Antananarivo Madagascar
78%
Georgetown Guyana
75%
No matching quizzes found
Score Distribution
Percent of People with Each Score
Percentile by Number Answered
Your Score History
You have not taken this quiz